Experimental and quasi-experimental designs for research / (Record no. 30142)
[ view plain ]
| 000 -LEADER | |
|---|---|
| fixed length control field | 01037cam a22002771 4500 |
| 001 - CONTROL NUMBER | |
| control field | 30142 |
| 003 - CONTROL NUMBER IDENTIFIER | |
| rucl marc code | BD-RjUL |
| 005 - DATE AND TIME OF LATEST TRANSACTION | |
| control field | 20211209051523.0 |
| 008 - FIXED-LENGTH DATA ELEMENTS--GENERAL INFORMATION | |
| fixed length control field | 140409r19691963ilua b 001 0 eng |
| 035 ## - SYSTEM CONTROL NUMBER | |
| System control number | (BD-RjUL)30227 |
| 040 ## - CATALOGING SOURCE | |
| Original cataloging agency | DLC |
| Transcribing agency | DLC |
| Modifying agency | DLC |
| -- | BD-RjUL |
| Language of cataloging | eng |
| 041 ## - LANGUAGE CODE | |
| Language code of text/sound track or separate title | eng |
| 082 00 - DEWEY DECIMAL CLASSIFICATION NUMBER | |
| Classification number | 300.184 |
| Author mark and year | CAE 1969 |
| 100 1# - MAIN ENTRY--PERSONAL NAME | |
| Personal name | Campbell, Donald T. |
| Fuller form of name | (Donald Thomas), |
| Dates associated with a name | 1916-1996. |
| 9 (RLIN) | 91647 |
| 245 10 - TITLE STATEMENT | |
| Title | Experimental and quasi-experimental designs for research / |
| Statement of responsibility, etc. | [by] Donald T. Campbell [and] Julian C. Stanley. |
| 260 ## - PUBLICATION, DISTRIBUTION, ETC. (IMPRINT) | |
| Place of publication, distribution, etc. | Chicago : |
| Name of publisher, distributor, etc. | R. McNally, |
| Date of publication, distribution, etc. | c1963 [printing 1969] |
| 300 ## - PHYSICAL DESCRIPTION | |
| Pagination | ix, 84 p. : |
| Illustrations | ill. ; |
| Size | 24 cm. |
| 500 ## - GENERAL NOTE | |
| General note | "Originally appeared in N. L. Gage (editor), Handbook of research on teaching." |
| 504 ## - BIBLIOGRAPHY, ETC. NOTE | |
| Bibliography, etc | Includes bibliographies and index. |
| 650 #0 - SUBJECT ADDED ENTRY--TOPICAL TERM | |
| Topical term or geographic name as entry element | Experimental design. |
| 9 (RLIN) | 91648 |
| 700 1# - ADDED ENTRY--PERSONAL NAME | |
| Personal name | Stanley, Julian C., |
| Relator term | joint author. |
| Personal name | Gage, N. L. |
| Fuller form of name | (Nathaniel Lees), |
| Dates associated with a name | 1917- |
| Relator term | ed. |
| 942 ## - ADDED ENTRY ELEMENTS (KOHA) | |
| Source of classification or shelving scheme | Dewey Decimal Classification |
| Koha item type | Books |
| Lost status | Source of classification or shelving scheme | Damaged status | Not for loan | Collection code | Permanent Location | Current Location | Shelving location | Date acquired | Source of acquisition | Cost, normal purchase price | Total Checkouts | Full call number | Date last seen | Copy number | Koha item type |
|---|---|---|---|---|---|---|---|---|---|---|---|---|---|---|---|
| Dewey Decimal Classification | Non-fiction | Central Library, University of Rajshahi | Central Library, University of Rajshahi | Reading Room | 02/04/1977 | Lions International. | 0.00 | 300.184 CAE 1969 | 09/04/2014 | C-1 | Books |